The getaway list : (Record no. 128707)
[ view plain ]
| 000 -LEADER | |
|---|---|
| fixed length control field | 01499cam a22004458i 4500 |
| 001 - CONTROL NUMBER | |
| control field | on1375545437 |
| 003 - CONTROL NUMBER IDENTIFIER | |
| control field | OCoLC |
| 005 - DATE AND TIME OF LATEST TRANSACTION | |
| control field | 20240308093952.0 |
| 008 - FIXED-LENGTH DATA ELEMENTS--GENERAL INFORMATION | |
| fixed length control field | 230920s2024 nyu d 000 1 eng |
| 010 ## - LIBRARY OF CONGRESS CONTROL NUMBER | |
| LC control number | 2023036257 |
| 020 ## - INTERNATIONAL STANDARD BOOK NUMBER | |
| International Standard Book Number | 9781250903990 |
| Qualifying information | (hardcover) |
| 020 ## - INTERNATIONAL STANDARD BOOK NUMBER | |
| International Standard Book Number | 1250903998 |
| Qualifying information | (hardcover) |
| 020 ## - INTERNATIONAL STANDARD BOOK NUMBER | |
| Cancelled/invalid ISBN | 9781250904003 |
| Qualifying information | (ebook) |
| 035 ## - SYSTEM CONTROL NUMBER | |
| System control number | (OCoLC)1375545437 |
| 040 ## - CATALOGING SOURCE | |
| Original cataloging agency | DLC |
| Language of cataloging | eng |
| Description conventions | rda |
| Transcribing agency | DLC |
| Modifying agency | OCLCF |
| -- | OCLCO |
| -- | CHILD |
| -- | OCLCO |
| -- | CCPLG |
| -- | JAS |
| -- | OCLCO |
| -- | CQC |
| -- | SXP |
| -- | UOK |
| 042 ## - AUTHENTICATION CODE | |
| Authentication code | pcc |
| 043 ## - GEOGRAPHIC AREA CODE | |
| Geographic area code | n-us-ny |
| 049 ## - LOCAL HOLDINGS (OCLC) | |
| Holding library | UOKA |
| 050 #4 - LIBRARY OF CONGRESS CALL NUMBER | |
| Classification number | PS3612.O744 |
| Item number | G48 2024 |
| 050 00 - LIBRARY OF CONGRESS CALL NUMBER | |
| Classification number | PZ7.1.L676 |
| Item number | Ge 2024 |
| 082 00 - DEWEY DECIMAL CLASSIFICATION NUMBER | |
| Classification number | [Fic] |
| Edition number | 23 |
| 092 ## - LOCALLY ASSIGNED DEWEY CALL NUMBER (OCLC) | |
| Classification number | YA LORD 2024 |
| 999 ## - SYSTEM CONTROL NUMBERS (KOHA) | |
| Koha Dewey Subclass [OBSOLETE] | 03938570 |
| 100 1# - MAIN ENTRY--PERSONAL NAME | |
| Personal name | Lord, Emma |
| Relator term | author. |
| 9 (RLIN) | 41099 |
| 245 14 - TITLE STATEMENT | |
| Title | The getaway list : |
| Remainder of title | a novel / |
| Statement of responsibility, etc | Emma Lord. |
| 250 ## - EDITION STATEMENT | |
| Edition statement | First edition. |
| 300 ## - PHYSICAL DESCRIPTION | |
| Extent | 310 pages ; |
| Dimensions | 22 cm |
| 520 ## - SUMMARY, ETC. | |
| Summary, etc | High school graduate Riley sets of to New York to find Tom, her childhood best friend and co-creator of the Getaway List of adventures they wanted to do together. |
| 521 ## - TARGET AUDIENCE NOTE | |
| Target audience note | Ages 12-18. |
| Source | Wednesday Books. |
| 650 #0 - SUBJECT ADDED ENTRY--TOPICAL TERM | |
| Topical term or geographic name as entry element | Friendship |
| Form subdivision | Juvenile fiction |
| 650 #0 - SUBJECT ADDED ENTRY--TOPICAL TERM | |
| Topical term or geographic name as entry element | Interpersonal relations |
| Form subdivision | Juvenile fiction |
| 650 #1 - SUBJECT ADDED ENTRY--TOPICAL TERM | |
| Topical term or geographic name as entry element | Friendship |
| Form subdivision | Fiction. |
| 650 #1 - SUBJECT ADDED ENTRY--TOPICAL TERM | |
| Topical term or geographic name as entry element | Interpersonal relations |
| Form subdivision | Fiction. |
| 651 #0 - SUBJECT ADDED ENTRY--GEOGRAPHIC NAME | |
| Geographic name | New York (N.Y.) |
| Form subdivision | Juvenile fiction. |
| 651 #1 - SUBJECT ADDED ENTRY--GEOGRAPHIC NAME | |
| Geographic name | New York (N.Y.) |
| Form subdivision | Fiction. |
| 655 #7 - INDEX TERM--GENRE/FORM | |
| Genre/form data or focus term | Romance fiction |
| Source of term | lcgft |
| 655 #7 - INDEX TERM--GENRE/FORM | |
| Genre/form data or focus term | Novels |
| Source of term | lcgft |
| 904 ## - LOCAL DATA ELEMENT D, LDD (RLIN) | |
| a | 3931343 |
| b | 03931343 |
| c | 202403931343 |
| 942 ## - ADDED ENTRY ELEMENTS (KOHA) | |
| Source of classification or shelving scheme | Dewey Decimal Classification |
| Koha item type | Book |
| Withdrawn status | Lost status | Source of classification or shelving scheme | Damaged status | Not for loan | Home library | Current library | Shelving location | Date acquired | Total Checkouts | Full call number | Barcode | Checked out | Date last seen | Date checked out | Cost, replacement price | Price effective from | Koha item type |
|---|---|---|---|---|---|---|---|---|---|---|---|---|---|---|---|---|---|
| Available | Dewey Decimal Classification | Martha's Vineyard High School Library | Martha's Vineyard High School Library | ROMANCE | 03/08/2024 | 3 | FIC/LOR | 39844500071180 | 10/07/2025 | 09/16/2025 | 09/16/2025 | 20.00 | 03/08/2024 | Book |
